[Event "Mittelrhein Verbandsliga-W 17/18"]
[Site "Nordrheinwestfalen"]
[Date "2018.01.14"]
[Round "6.8"]
[White "Knoell, Dominik"]
[Black "Fournell, Udo"]
[Result "1/2-1/2"]
[WhiteElo "1518"]
[BlackElo "1846"]
[PlyCount "43"]
[EventDate "2017.09.10"]
[EventType "team-tourn"]
[EventRounds "11"]
[EventCountry "GER"]
[SourceTitle "EXT 2022"]
[Source "ChessBase"]
[SourceDate "2021.10.06"]
[SourceVersion "1"]
[SourceVersionDate "2021.10.06"]
[SourceQuality "1"]
[WhiteTeam "Dueren Derichsweiler"]
[BlackTeam "Aachen PTSV"]
[WhiteTeamCountry "GER"]
[BlackTeamCountry "GER"]

1. d4 d5 2. Nf3 Nf6 3. Bg5 Ne4 4. Bh4 c5 5. c3 cxd4 6. cxd4 Qa5+ 7. Nbd2 Nc6 8. e3 e6 9. a3 Nxd2 10. Nxd2 Bd6 11. Bd3 0-0 12. Bg3 Qc7 13. Bxd6 Qxd6 14. 0-0 e5 15. dxe5 Nxe5 16. Nf3 Qf6 17. Nxe5 Qxe5 18. Qc2 g6 19. Rac1 Be6 20. Qd2 Rfc8 21. Rxc8+ Rxc8 22. Rc1 1/2-1/2

[Event "Goch op 27th"]
[Site "Goch"]
[Date "2016.09.04"]
[Round "6"]
[White "Knoell, Dominik"]
[Black "Melde, Gunter"]
[Result "1-0"]
[WhiteElo "1536"]
[BlackElo "1461"]
[PlyCount "39"]
[EventDate "2016.09.01"]
[EventType "swiss"]
[EventRounds "7"]
[EventCountry "GER"]
[SourceTitle "EXT 2018"]
[Source "ChessBase"]
[SourceDate "2017.10.13"]
[SourceVersion "1"]
[SourceVersionDate "2017.10.13"]
[SourceQuality "1"]

1. d4 d5 2. Nf3 Nf6 3. e3 Bf5 4. c4 e6 5. Be2 Be7 6. 0-0 0-0 7. b3 c5 8. Bb2 Nbd7 9. dxc5 Nxc5 10. b4 Na6 11. a3 b6 12. c5 Qc8 13. Qa4 Nxc5 14. bxc5 bxc5 15. Nc3 a6 16. Nh4 Bg4 17. Bxg4 Nxg4 18. Qxg4 Rb8 19. Nxd5 exd5 20. Qxg7# 1-0

[Event "Goch op 27th"]
[Site "Goch"]
[Date "2016.09.03"]
[Round "4"]
[White "Metz, Berthold"]
[Black "Knoell, Dominik"]
[Result "1-0"]
[WhiteElo "1754"]
[BlackElo "1536"]
[PlyCount "111"]
[EventDate "2016.09.01"]
[EventType "swiss"]
[EventRounds "7"]
[EventCountry "GER"]
[SourceTitle "EXT 2018"]
[Source "ChessBase"]
[SourceDate "2017.10.13"]
[SourceVersion "1"]
[SourceVersionDate "2017.10.13"]
[SourceQuality "1"]

1. e4 e6 2. d4 d5 3. e5 c5 4. c3 Nc6 5. Nf3 cxd4 6. cxd4 Bb4+ 7. Bd2 Qb6 8. Bxb4 Qxb4+ 9. Qd2 Qxd2+ 10. Kxd2 Nh6 11. Bd3 Bd7 12. Nc3 a6 13. h3 Nb4 14. g4 Nxd3 15. Kxd3 Rc8 16. Nd2 Ke7 17. a3 Rc7 18. Rac1 Rhc8 19. Nb3 b6 20. f4 f5 21. g5 Ng8 22. h4 Kd8 23. Ke3 Ne7 24. h5 a5 25. h6 g6 26. Rhg1 a4 27. Nd2 Ke8 28. Ndb1 Kd8 29. Nd2 Ke8 30. Ndb1 Kd8 31. Na2 Rc2 32. Rxc2 Rxc2 33. Nb4 Rxb2 34. Rc1 Rb3+ 35. Ke2 Bb5+ 36. Kf2 Bc4 37. Nc2 b5 38. Nd2 Rb2 39. Ke3 Nc6 40. Nb1 Rb3+ 41. Kf2 Rd3 42. Ne1 Rxd4 43. Nf3 Rxf4 44. Kg3 Rg4+ 45. Kh3 Nd4 46. Nbd2 Nxf3 47. Nxf3 Re4 48. Nh4 Re3+ 49. Kh2 Re4 50. Nxg6 d4 51. Nf8 d3 52. Nxh7 d2 53. Rd1 Re2+ 54. Kg3 Bb3 55. Rxd2+ Rxd2 56. g6 1-0

[Event "Goch op 27th"]
[Site "Goch"]
[Date "2016.09.03"]
[Round "5"]
[White "Weissbeck, Wolf Dieter"]
[Black "Knoell, Dominik"]
[Result "1-0"]
[WhiteElo "1775"]
[BlackElo "1536"]
[PlyCount "47"]
[EventDate "2016.09.01"]
[EventType "swiss"]
[EventRounds "7"]
[EventCountry "GER"]
[SourceTitle "EXT 2018"]
[Source "ChessBase"]
[SourceDate "2017.10.13"]
[SourceVersion "1"]
[SourceVersionDate "2017.10.13"]
[SourceQuality "1"]

1. e4 d5 2. e5 e6 3. d4 c5 4. c3 Nc6 5. Bb5 Bd7 6. Bxc6 bxc6 7. Nf3 cxd4 8. cxd4 c5 9. 0-0 Qb6 10. Nc3 cxd4 11. Nxd4 Bc5 12. Na4 Qc7 13. Nxc5 Qxc5 14. Be3 Qb4 15. Qg4 g6 16. a3 Qb7 17. b4 Ne7 18. Rfc1 Nf5 19. Nxf5 exf5 20. Qg5 Be6 21. Bc5 Rc8 22. Bd6 Rc4 23. Rxc4 dxc4 24. Rd1 1-0

[Event "Goch op 27th"]
[Site "Goch"]
[Date "2016.09.02"]
[Round "2"]
[White "Fieberg, Christoph"]
[Black "Knoell, Dominik"]
[Result "1-0"]
[WhiteElo "1855"]
[BlackElo "1536"]
[PlyCount "65"]
[EventDate "2016.09.01"]
[EventType "swiss"]
[EventRounds "7"]
[EventCountry "GER"]
[SourceTitle "EXT 2018"]
[Source "ChessBase"]
[SourceDate "2017.10.13"]
[SourceVersion "1"]
[SourceVersionDate "2017.10.13"]
[SourceQuality "1"]

1. e4 e6 2. d4 d5 3. exd5 exd5 4. Nf3 Bg4 5. Be2 Nf6 6. 0-0 Be7 7. c4 dxc4 8. Bxc4 0-0 9. d5 Nbd7 10. Nc3 Bb4 11. Be2 Nb6 12. Qb3 Bxc3 13. bxc3 Qxd5 14. c4 Qh5 15. h3 Bd7 16. Nd4 Qh4 17. Be3 Ne4 18. Nf3 Qh5 19. Rfe1 Rfe8 20. Ng5 Qh4 21. c5 Nxg5 22. cxb6 axb6 23. Qd5 Nxh3+ 24. gxh3 Rxe3 25. fxe3 Bc6 26. Qe5 Re8 27. Qf4 Qxh3 28. Qh2 Qxe3+ 29. Qf2 Qg5+ 30. Kf1 Qh6 31. Bf3 Bb5+ 32. Kg1 Qg5+ 33. Qg2 1-0

[Event "Mittelrhein Verbandsliga-W 15/16"]
[Site "Nordrheinwestfalen"]
[Date "2015.10.18"]
[Round "3.7"]
[White "Popielas, Hans"]
[Black "Knoell, Dominik"]
[Result "1-0"]
[WhiteElo "1812"]
[BlackElo "1546"]
[PlyCount "51"]
[EventDate "2015.09.06"]
[EventType "team-tourn"]
[EventRounds "11"]
[EventCountry "GER"]
[SourceTitle "EXT 2022"]
[Source "ChessBase"]
[SourceDate "2021.10.06"]
[SourceVersion "1"]
[SourceVersionDate "2021.10.06"]
[SourceQuality "1"]
[WhiteTeam "Wuerselen II"]
[BlackTeam "Dueren Derichsweiler"]
[WhiteTeamCountry "GER"]
[BlackTeamCountry "GER"]

1. d4 Nf6 2. Nf3 d5 3. e3 Bg4 4. Be2 e6 5. Nbd2 c5 6. b3 Nc6 7. Bb2 Be7 8. h3 Bf5 9. a3 0-0 10. 0-0 Rc8 11. Nh4 Be4 12. f3 Nd7 13. fxe4 Bxh4 14. dxc5 Nxc5 15. exd5 exd5 16. Nf3 Bg3 17. Nd4 Qg5 18. Nf5 Ne6 19. Bg4 Be5 20. h4 Qd8 21. Bxe5 Nxe5 22. Bh3 Rc3 23. Qxd5 Qxd5 24. Ne7+ Kh8 25. Nxd5 Rc5 26. Bxe6 1-0

[Event "Goch op 26th"]
[Site "Goch"]
[Date "2015.09.04"]
[Round "3"]
[White "Knoell, Dominik"]
[Black "Flegar, Vlado"]
[Result "0-1"]
[WhiteElo "1538"]
[BlackElo "1769"]
[PlyCount "110"]
[EventDate "2015.09.03"]
[EventType "swiss"]
[EventRounds "7"]
[EventCountry "GER"]
[SourceTitle "EXT 2018"]
[Source "ChessBase"]
[SourceDate "2017.10.13"]
[SourceVersion "1"]
[SourceVersionDate "2017.10.13"]
[SourceQuality "1"]

1. d4 e6 2. Nf3 d6 3. c4 Nd7 4. e3 b6 5. Be2 Bb7 6. 0-0 Ne7 7. b3 g6 8. Bb2 Bg7 9. Nc3 0-0 10. Qc2 a6 11. Rfd1 d5 12. cxd5 exd5 13. Rac1 c6 14. Na4 Re8 15. Qd2 Bf8 16. Ba3 a5 17. Bd6 Nf5 18. Bxf8 Kxf8 19. Bd3 Ng7 20. Qb2 Qe7 21. Rc2 Nh5 22. Rdc1 b5 23. Nc5 Nxc5 24. dxc5 Qf6 25. Nd4 Kg8 26. Qa3 Qd8 27. Nxb5 cxb5 28. Bxb5 Re6 29. c6 Bc8 30. Qc5 Nf6 31. Ba4 Qc7 32. h3 Rd6 33. Qd4 Ne8 34. Rc5 Be6 35. a3 h6 36. Bb5 f6 37. b4 axb4 38. axb4 Kf7 39. Bd3 Rb8 40. b5 Rb6 41. R5c2 Rd8 42. Ra1 Nd6 43. Rca2 Nc8 44. Qb4 Qxc6 45. Qf4 Qd6 46. Qxh6 Rg8 47. Qh7+ Rg7 48. Bxg6+ Kf8 49. Qh8+ Bg8 50. Ra8 Qe6 51. Qh5 Rxb5 52. Bf5 Qe5 53. Rxc8+ Ke7 54. Qe8+ Kd6 55. Qd7+ Rxd7 0-1

[Event "Goch op 25th"]
[Site "Goch"]
[Date "2014.09.06"]
[Round "4"]
[White "Knoell, Dominik"]
[Black "Biessner, Eberhard"]
[Result "0-1"]
[WhiteElo "1536"]
[BlackElo "1909"]
[PlyCount "76"]
[EventDate "2014.09.04"]
[EventType "swiss"]
[EventRounds "7"]
[EventCountry "GER"]
[SourceTitle "EXT 2016"]
[Source "ChessBase"]
[SourceDate "2015.10.08"]
[SourceVersion "1"]
[SourceVersionDate "2015.10.08"]
[SourceQuality "1"]

1. Nf3 Nf6 2. d4 d5 3. c4 c6 4. Nc3 e6 5. Bg5 Be7 6. e3 Qb6 7. Qc2 Bb4 8. Bxf6 gxf6 9. Bd3 h6 10. 0-0 Bd7 11. Na4 Qa5 12. a3 Be7 13. b4 Qd8 14. Rab1 dxc4 15. Be2 b5 16. Nc5 Qc8 17. Ra1 a5 18. Rfb1 axb4 19. axb4 Rxa1 20. Rxa1 Bxc5 21. dxc5 Na6 22. Qc3 Ke7 23. Qd2 Nc7 24. Qd6+ Kd8 25. e4 Ne8 26. Qd4 Ke7 27. e5 f5 28. Rd1 Qc7 29. Qh4+ Kf8 30. Rd6 Qc8 31. Rd1 Nc7 32. Ng5 Qe8 33. Nxf7 Qxf7 34. Qh3 Nd5 35. Bh5 Qe7 36. Ra1 Qg5 37. Ra8+ Kg7 38. Rxh8 Qc1+ 0-1

[Event "Goch op 25th"]
[Site "Goch"]
[Date "2014.09.04"]
[Round "1"]
[White "Wiegand, Christian"]
[Black "Knoell, Dominik"]
[Result "1-0"]
[WhiteElo "1965"]
[BlackElo "1536"]
[PlyCount "49"]
[EventDate "2014.09.04"]
[EventType "swiss"]
[EventRounds "7"]
[EventCountry "GER"]
[SourceTitle "EXT 2016"]
[Source "ChessBase"]
[SourceDate "2015.10.08"]
[SourceVersion "1"]
[SourceVersionDate "2015.10.08"]
[SourceQuality "1"]

1. Nf3 d5 2. c4 e6 3. g3 Nd7 4. b3 Ngf6 5. Bb2 g6 6. Bg2 Bg7 7. 0-0 0-0 8. d4 c5 9. cxd5 exd5 10. Nc3 b6 11. dxc5 Nxc5 12. Nb5 Bb7 13. Rc1 a6 14. Nbd4 Rc8 15. Rc2 Nce4 16. Rxc8 Qxc8 17. Qa1 Qb8 18. Nc2 Rc8 19. Ne3 Qd6 20. Nd4 Qf8 21. Rd1 Bh6 22. Nef5 gxf5 23. Nxf5 Rc2 24. Bxf6 Rxe2 25. Ne7+ 1-0

[Event "Goch op 24th"]
[Site "Goch"]
[Date "2013.09.08"]
[Round "7"]
[White "Knoell, Dominik"]
[Black "Christen, Stefan"]
[Result "0-1"]
[WhiteElo "1361"]
[BlackElo "1826"]
[PlyCount "142"]
[EventDate "2013.09.05"]
[EventType "swiss"]
[EventRounds "7"]
[EventCountry "GER"]
[SourceTitle "EXT 2015"]
[Source "ChessBase"]
[SourceDate "2014.11.20"]
[SourceVersion "1"]
[SourceVersionDate "2014.11.20"]
[SourceQuality "1"]

1. d4 Nf6 2. Nf3 e6 3. Bg5 Be7 4. e3 c5 5. Bd3 Qc7 6. c3 a6 7. Nbd2 b6 8. 0-0 Bb7 9. Re1 d6 10. Bxf6 Bxf6 11. Ne4 Be7 12. dxc5 bxc5 13. Bc2 Nd7 14. Qe2 Nf6 15. Nxf6+ Bxf6 16. Ba4+ Bc6 17. Bxc6+ Qxc6 18. Rad1 0-0 19. Rd2 c4 20. Nd4 Qc7 21. Red1 Rab8 22. Qg4 Rfe8 23. Nf3 Rb6 24. Qg3 Be7 25. Qf4 Qb8 26. Rb1 d5 27. Qxb8 Rexb8 28. Nd4 Bc5 29. Kf1 Ba3 30. b3 cxb3 31. Rxb3 Rxb3 32. axb3 Bc5 33. b4 Bf8 34. Ke2 g6 35. Ra2 Rb6 36. h3 Kg7 37. Kd3 Be7 38. Nb3 h5 39. Nc5 Bxc5 40. bxc5 Rb5 41. Kd4 a5 42. c4 Rb4 43. Rxa5 Kf6 44. Kc3 Rxc4+ 45. Kd3 g5 46. Rb5 Ke5 47. Ra5 f5 48. Rb5 g4 49. h4 f4 50. Ra5 fxe3 51. Kxe3 d4+ 52. Kd3 Rc3+ 53. Kd2 Ke4 54. Rb5 e5 55. Ra5 Kd5 56. c6+ Kd6 57. Ra8 e4 58. Rd8+ Ke5 59. Re8+ Kf5 60. Rf8+ Kg6 61. Rd8 g3 62. Rd6+ Kf5 63. fxg3 e3+ 64. Ke2 Ke4 65. Re6+ Kd5 66. Rh6 Rc2+ 67. Kd1 e2+ 68. Ke1 d3 69. Rxh5+ Kxc6 70. Kf2 Rc1 71. Re5 d2 0-1

[Event "Goch op 23rd"]
[Site "Goch"]
[Date "2012.09.02"]
[Round "7"]
[White "Knoell, Dominik"]
[Black "Bieker, Peter"]
[Result "1/2-1/2"]
[WhiteElo "1241"]
[BlackElo "1500"]
[PlyCount "30"]
[EventDate "2012.08.30"]
[EventType "swiss"]
[EventRounds "7"]
[EventCountry "GER"]
[SourceTitle "EXT 2015"]
[Source "ChessBase"]
[SourceDate "2014.11.20"]
[SourceVersion "1"]
[SourceVersionDate "2014.11.20"]
[SourceQuality "1"]

1. d4 d5 2. Nf3 Nf6 3. e3 e6 4. Bd3 Be7 5. 0-0 0-0 6. Nbd2 Nbd7 7. e4 dxe4 8. Nxe4 c5 9. c3 b6 10. Bg5 Bb7 11. Nxf6+ Bxf6 12. Bxf6 Nxf6 13. dxc5 bxc5 14. Re1 Qc7 15. Ne5 Rad8 1/2-1/2

[Event "Goch op 23rd"]
[Site "Goch"]
[Date "2012.09.02"]
[Round "6"]
[White "Knoell, Dominik"]
[Black "Thevessen, Hubert"]
[Result "0-1"]
[WhiteElo "1241"]
[BlackElo "1873"]
[PlyCount "90"]
[EventDate "2012.08.30"]
[EventType "swiss"]
[EventRounds "7"]
[EventCountry "GER"]
[SourceTitle "EXT 2015"]
[Source "ChessBase"]
[SourceDate "2014.11.20"]
[SourceVersion "1"]
[SourceVersionDate "2014.11.20"]
[SourceQuality "1"]

1. d4 d5 2. Nf3 Nf6 3. e3 g6 4. Bd3 Bg7 5. Nbd2 Nbd7 6. 0-0 0-0 7. e4 dxe4 8. Nxe4 Nb6 9. Nxf6+ exf6 10. c3 Be6 11. Be3 Nc4 12. Bxc4 Bxc4 13. Re1 b5 14. Nd2 Bd5 15. Qg4 a5 16. a3 Re8 17. Qh4 Qd7 18. Bh6 Qf5 19. Bxg7 Kxg7 20. Nf1 Rxe1 21. Rxe1 Qd3 22. Ne3 Re8 23. Qg4 Bc4 24. Qd1 Qe4 25. h3 f5 26. Qd2 f4 27. Nc2 Qxc2 28. Qxc2 Rxe1+ 29. Kh2 Re2 30. Qc1 Rxf2 31. Qe1 Re2 32. Qh4 Bd5 33. Qg5 Rxg2+ 34. Qxg2 Bxg2 35. Kxg2 g5 36. Kf3 f5 37. h4 h6 38. hxg5 hxg5 39. b3 Kf6 40. a4 bxa4 41. bxa4 c6 42. c4 Ke6 43. Kf2 g4 44. Kg2 f3+ 45. Kg3 f4+ 0-1

[Event "Goch op 23rd"]
[Site "Goch"]
[Date "2012.09.01"]
[Round "5"]
[White "Biryukov, Sasha"]
[Black "Knoell, Dominik"]
[Result "0-1"]
[WhiteElo "1325"]
[BlackElo "1241"]
[PlyCount "76"]
[EventDate "2012.08.30"]
[EventType "swiss"]
[EventRounds "7"]
[EventCountry "GER"]
[SourceTitle "EXT 2015"]
[Source "ChessBase"]
[SourceDate "2014.11.20"]
[SourceVersion "1"]
[SourceVersionDate "2014.11.20"]
[SourceQuality "1"]

1. c4 c6 2. d4 d5 3. e3 Nf6 4. Nf3 Bg4 5. h3 Bxf3 6. Qxf3 e6 7. Bd3 Nbd7 8. 0-0 Be7 9. Nc3 dxc4 10. Bxc4 Nb6 11. Bb3 0-0 12. Rd1 Qc7 13. e4 Rad8 14. Bg5 h6 15. Bxf6 Bxf6 16. e5 Be7 17. Bc2 Rd7 18. Qe4 g6 19. Rd3 Kh8 20. Rg3 Rg8 21. Qf4 Bf8 22. h4 Qd8 23. Qe4 Rxd4 24. Qf3 Qe7 25. Qe3 Rxh4 26. Rh3 Rxh3 27. Qxh3 Qg5 28. Qf3 Qe7 29. Ne4 Bg7 30. Qh3 h5 31. Qe3 Rd8 32. Nc3 Nc4 33. Qxa7 Bxe5 34. Qa4 Qh4 35. Re1 Qh2+ 36. Kf1 Rd2 37. Ne2 Qh1+ 38. Ng1 Bh2 0-1